[Event "Rated Blitz game"]
[Site "?"]
[Date "2021.01.02"]
[Round "?"]
[White "MihailRodin"]
[Black "dedaluz"]
[Result "1-0"]
[WhiteElo "2402"]
[BlackElo "2387"]
[PlyCount "37"]
[EventDate "2021.??.??"]
[EventType "blitz"]

1. e4 e5 2. Nf3 d5 3. exd5 e4 4. Qe2 Nf6 5. Nc3 Bf5 6. d3 Bb4 7. dxe4 O-O 8.
exf5 Nxd5 9. Qd3 Na6 10. Be3 c6 11. Be2 Nxe3 12. fxe3 Qe7 13. O-O Rfe8 14. e4
Rad8 15. Qc4 Rd6 16. e5 b5 17. Qg4 Rh6 18. Ne4 Qb7 19. Nf6+ {Normal} 1-0

[Event "Rated Blitz tournament DCklWRaf"]
[Site "?"]
[Date "2021.01.02"]
[Round "?"]
[White "Gubancs"]
[Black "Jlgg50972"]
[Result "1-0"]
[WhiteElo "2386"]
[BlackElo "2419"]
[PlyCount "53"]
[EventDate "2021.??.??"]
[EventType "blitz"]

1. e4 e5 2. Nf3 d5 3. d4 dxe4 4. Nxe5 Bd6 5. Nc4 Nf6 6. Nxd6+ Qxd6 7. h3 O-O 8.
Be3 Nc6 9. c3 Re8 10. Nd2 Bf5 11. Bc4 Bg6 12. b4 Nd5 13. Bxd5 Qxd5 14. Qb3 Qh5
15. g4 Qb5 16. a4 Qd3 17. Nf1 Rad8 18. Rd1 Nxd4 19. Bxd4 Rxd4 20. Rxd3 exd3+
21. Kd1 Rf4 22. Rh2 Re2 23. Qd5 h6 24. Qd8+ Kh7 25. Qxc7 Rfe4 26. Ne3 Re7 27.
Qxe7 {Normal} 1-0

[Event "Rated Blitz game"]
[Site "?"]
[Date "2021.01.02"]
[Round "?"]
[White "Player_06"]
[Black "ShadowofEagle1"]
[Result "0-1"]
[WhiteElo "2569"]
[BlackElo "2557"]
[PlyCount "58"]
[EventDate "2021.??.??"]
[EventType "blitz"]

1. e4 e5 2. Nf3 d5 3. Nxe5 Bd6 4. d4 dxe4 5. Nc4 Be7 6. Be2 Nf6 7. O-O O-O 8.
b3 Be6 9. Bb2 Re8 10. Nbd2 Nc6 11. c3 Bf8 12. Ne3 Ne7 13. Re1 Ned5 14. Nxd5
Qxd5 15. Nc4 c5 16. Ne3 Qg5 17. dxc5 Bxc5 18. Qc1 Rad8 19. a4 Nh5 20. Bxh5 Qxh5
21. c4 Rd3 22. Ba3 Bb6 23. c5 Bc7 24. g3 Rc8 25. b4 Qf3 26. Bb2 Rcd8 27. Qc2
Rd2 28. Qc3 Qxf2+ 29. Kh1 Qxh2# {Normal} 0-1

[Event "Rated Blitz game"]
[Site "?"]
[Date "2021.01.02"]
[Round "?"]
[White "JUGO-BOSS"]
[Black "KamranShirazi"]
[Result "1-0"]
[WhiteElo "2332"]
[BlackElo "2509"]
[PlyCount "147"]
[EventDate "2021.??.??"]
[EventType "blitz"]

1. e4 e5 2. Nf3 d5 3. d4 dxe4 4. Nxe5 Nd7 5. Bf4 Nxe5 6. Bxe5 Nf6 7. Nc3 Bb4 8.
Bc4 O-O 9. O-O Bxc3 10. bxc3 Bf5 11. f3 exf3 12. Qxf3 Bg6 13. Bxf6 gxf6 14.
Qxf6 Qxf6 15. Rxf6 Bxc2 16. Raf1 Bg6 17. g4 Rad8 18. h4 Rd6 19. Rxd6 cxd6 20.
Rf6 Rc8 21. Bd5 Kg7 22. Rxd6 Rxc3 23. h5 Bb1 24. h6+ Kf8 25. Rd7 Bg6 26. Rxb7
Rg3+ 27. Kf2 Rxg4 28. Ke3 Rg3+ 29. Kf4 Rd3 30. Ke5 a5 31. Kf6 Ke8 32. Bc6+ Kd8
33. Rd7+ Kc8 34. a4 Be4 35. d5 Rh3 36. Kg7 f5 37. Kxh7 f4+ 38. Kg7 Rg3+ 39. Kf6
f3 40. Ke5 f2 41. Rf7 Re3 42. Kd4 Rf3 43. Rxf3 Bxf3 44. Bb5 Bxd5 45. Kxd5 Kc7
46. Bf1 Kb6 47. h7 Kc7 48. h8=Q Kd7 49. Qf6 Ke8 50. Qxf2 Ke7 51. Qc5+ Kf6 52.
Qxa5 Kf5 53. Qb6 Kf4 54. Qd4+ Kf3 55. Qe5 Kf2 56. Bc4 Kf3 57. Qe2+ Kf4 58. Kd4
Kg5 59. Qf2 Kg4 60. Qf1 Kg3 61. Bd5 Kh4 62. Qf3 Kg5 63. Qe4 Kf6 64. Qf4+ Kg7
65. Qe5+ Kg6 66. Qf4 Kh5 67. Ke5 Kg6 68. Qg3+ Kh5 69. Qf4 Kg6 70. a5 Kg7 71. a6
Kh7 72. a7 Kg6 73. a8=Q Kh7 74. Qg8# {Normal} 1-0

[Event "Rated Blitz game"]
[Site "?"]
[Date "2021.01.02"]
[Round "?"]
[White "CampoCaligne"]
[Black "Fantastic_power06"]
[Result "0-1"]
[WhiteElo "2541"]
[BlackElo "2554"]
[PlyCount "112"]
[EventDate "2021.??.??"]
[EventType "blitz"]

1. e4 e5 2. Nf3 d5 3. d4 dxe4 4. Nxe5 Bd6 5. Nc4 Nc6 6. Nxd6+ Qxd6 7. Be3 Nf6
8. Be2 Bf5 9. c3 h5 10. Nd2 Nd5 11. Nc4 Qg6 12. g3 O-O-O 13. Qd2 Bg4 14. O-O-O
Qe6 15. Kb1 f5 16. Bg5 Rde8 17. Ne3 Nxe3 18. Qxe3 Na5 19. h3 Bxe2 20. Qxe2 Qc4
21. Qxc4 Nxc4 22. b3 Nd6 23. h4 Nf7 24. Bf4 c6 25. Kc2 Nh6 26. Rhe1 Ng4 27. Re2
Kd7 28. d5 c5 29. c4 b6 30. Kd2 a5 31. Kc3 a4 32. b4 Rc8 33. a3 Rhe8 34. Rb1
Nf6 35. Be3 cxb4+ 36. Kxb4 b5 37. Rd2 bxc4 38. Rc1 Rb8+ 39. Kc5 Rec8+ 40. Kd4
Rb5 41. Rxc4 Rxd5+ 42. Kc3 Rxc4+ 43. Kxc4 Kc6 44. Rxd5 Nxd5 45. Bd4 g6 46. Be5
e3 47. fxe3 Nxe3+ 48. Kb4 Kd5 49. Bb8 Nc2+ 50. Kxa4 Kc4 51. Bd6 Nd4 52. Ka5 Kd5
53. Bb8 Nc6+ 54. Kb6 Nxb8 55. a4 Nc6 56. Kb5 Kd6 {Normal} 0-1

[Event "Rated Blitz tournament jan21bta"]
[Site "?"]
[Date "2021.01.02"]
[Round "?"]
[White "Buscapina"]
[Black "Jomajo"]
[Result "1-0"]
[WhiteElo "2399"]
[BlackElo "2576"]
[PlyCount "125"]
[EventDate "2021.??.??"]
[EventType "blitz"]

1. e4 e5 2. Nf3 d5 3. exd5 e4 4. Qe2 Qe7 5. Nd4 Qe5 6. Nb3 Nf6 7. d4 Qxd5 8.
Nc3 Bb4 9. Bd2 Bxc3 10. Bxc3 O-O 11. O-O-O Bg4 12. Qe3 Bxd1 13. Kxd1 a5 14. a4
Nc6 15. Kc1 Qf5 16. Be2 Nd5 17. Qg3 Nxc3 18. bxc3 Ne7 19. h4 Nd5 20. h5 Qf4+
21. Qxf4 Nxf4 22. Bf1 b6 23. Rh4 Nd5 24. c4 Nf6 25. h6 g6 26. Rf4 Nh5 27. Rxe4
Rfe8 28. Bd3 Rxe4 29. Bxe4 Re8 30. f3 Nf6 31. Bc6 Re6 32. d5 Re5 33. c5 Nxd5
34. Nd4 Nf4 35. cxb6 cxb6 36. Be4 Nxg2 37. Nc6 Re8 38. Bd5 Nf4 39. Bb3 Ne6 40.
Ne5 Rd8 41. Nc6 Rd6 42. Ne7+ Kf8 43. Nc8 Rc6 44. Na7 Rc5 45. Nb5 Rh5 46. Nd6
Rxh6 47. Nc4 Nc5 48. Nxb6 Nxb3+ 49. cxb3 Rh5 50. Kd2 Rc5 51. Nd7+ Ke7 52. Nxc5
h5 53. Ke3 g5 54. Nb7 f5 55. Nxa5 f4+ 56. Kf2 g4 57. fxg4 hxg4 58. Nc4 Ke6 59.
Nd2 Kd5 60. b4 Kc6 61. Nc4 Kd5 62. a5 Kc6 63. Ne5+ {Normal} 1-0

[Event "Rated Blitz game"]
[Site "?"]
[Date "2021.01.02"]
[Round "?"]
[White "JeanMichelMarlou"]
[Black "ShadowofEagle1"]
[Result "0-1"]
[WhiteElo "2507"]
[BlackElo "2511"]
[PlyCount "40"]
[EventDate "2021.??.??"]
[EventType "blitz"]

1. e4 e5 2. Nf3 d5 3. d4 dxe4 4. Nxe5 Bd6 5. Bf4 Nf6 6. Bc4 O-O 7. O-O Bf5 8.
Nc3 Nc6 9. Nxc6 bxc6 10. Ne2 Bg4 11. Qd2 Bxe2 12. Bxe2 Bxf4 13. Qxf4 Qxd4 14.
Qxc7 Qxb2 15. Qxc6 Rac8 16. Qa6 Rxc2 17. Bc4 e3 18. Rab1 exf2+ 19. Kh1 Qe5 20.
Bb3 Ng4 {Normal} 0-1

[Event "Rated Blitz game"]
[Site "?"]
[Date "2021.01.02"]
[Round "?"]
[White "ZhohoFF"]
[Black "ali-sh"]
[Result "0-1"]
[WhiteElo "2446"]
[BlackElo "2540"]
[PlyCount "114"]
[EventDate "2021.??.??"]
[EventType "blitz"]

1. e4 e5 2. Nf3 d5 3. d4 dxe4 4. Nxe5 Bd6 5. Nc4 Nc6 6. Nxd6+ Qxd6 7. c3 Nf6 8.
Be2 Bf5 9. Na3 O-O-O 10. Nc4 Qe6 11. Ne3 h5 12. Nxf5 Qxf5 13. Be3 Ng4 14. Bxg4
hxg4 15. Qe2 Rh5 16. O-O-O Rdh8 17. d5 Ne5 18. Qb5 Nd3+ 19. Kb1 a6 20. Qb3 Qxd5
21. c4 Qf5 22. Qc3 f6 23. a3 Rxh2 24. Rxh2 Rxh2 25. Ka2 Rxg2 26. Rh1 b6 27.
Rh8+ Kb7 28. Qd4 Qe5 29. Rg8 Qxd4 30. Bxd4 f5 31. Rxg7 Kc6 32. Rg6+ Kd7 33.
Rg7+ Kd6 34. Rg6+ Ke7 35. Rg7+ Kd8 36. Rg8+ Kd7 37. Rg7+ Kc8 38. Rf7 Nxf2 39.
Be5 Nd3 40. Bxc7 e3 41. Bxb6 e2 42. Ba5 e1=Q 43. Bxe1 Nxe1 44. Rxf5 Nd3 45. a4
Rxb2+ 46. Ka3 Rd2 47. Rg5 Rg2 48. c5 g3 49. Kb3 Rg1 50. Kc4 g2 51. Kd5 Nf4+ 52.
Kc6 Kd8 53. Rg4 Rf1 54. Kb7 g1=Q 55. Rxg1 Rxg1 56. c6 Ne6 57. Kb6 Nc7 {Normal}
0-1

[Event "Rated Blitz game"]
[Site "?"]
[Date "2021.01.02"]
[Round "?"]
[White "man_man_lai"]
[Black "Nygren"]
[Result "0-1"]
[WhiteElo "2470"]
[BlackElo "2434"]
[PlyCount "44"]
[EventDate "2021.??.??"]
[EventType "blitz"]

1. e4 e5 2. Nf3 d5 3. d4 dxe4 4. Nxe5 Bd6 5. Nc4 Nf6 6. Nxd6+ Qxd6 7. c4 O-O 8.
Be2 Nc6 9. Be3 Bf5 10. Nc3 Rad8 11. d5 Ne5 12. h3 Nd3+ 13. Bxd3 exd3 14. O-O
Rfe8 15. Qf3 Bg6 16. Bg5 Rd7 17. Bxf6 gxf6 18. Rad1 Rde7 19. Rd2 a6 20. g3 Qc5
21. b3 Qd4 22. Ne2 Rxe2 {Normal} 0-1

[Event "Rated Blitz game"]
[Site "?"]
[Date "2021.01.02"]
[Round "?"]
[White "Amir_Arya"]
[Black "Melladov"]
[Result "0-1"]
[WhiteElo "2357"]
[BlackElo "2562"]
[PlyCount "132"]
[EventDate "2021.??.??"]
[EventType "blitz"]

1. e4 e5 2. Nf3 d5 3. exd5 e4 4. Ng1 Qxd5 5. Nc3 Qe5 6. Qe2 Nf6 7. d4 Qxd4 8.
Nf3 Qb4 9. Ng5 Be7 10. Qc4 O-O 11. Qxb4 Bxb4 12. Bd2 Re8 13. Bc4 Re7 14. O-O-O
Nc6 15. Rde1 Bf5 16. a3 Bc5 17. Be3 Bxe3+ 18. Rxe3 h6 19. Nxf7 Rxf7 20. Bxf7+
Kxf7 21. f3 exf3 22. Rxf3 Bg6 23. Nd5 Be4 24. Nxc7 Rd8 25. Rf2 a6 26. Re1 Bh7
27. Rd2 Rxd2 28. Kxd2 Ne4+ 29. Ke3 Ke7 30. Nd5+ Kd6 31. Nf4 Ke5 32. Nd3+ Kd6
33. c4 b6 34. b4 g5 35. Rd1 Ke6 36. c5 b5 37. Nf2 Ke5 38. Rd6 Nxd6 39. cxd6
Kxd6 40. Ng4 h5 41. Nf6 Bg6 42. g4 h4 43. Ne4+ Kd5 44. Nxg5 Kc4 45. Nf3 h3 46.
Ng1 Kb3 47. Nxh3 Kxa3 48. Nf4 Bf7 49. h4 Kxb4 50. g5 Ne5 51. h5 a5 52. g6 Nxg6
53. hxg6 Bc4 54. Kd4 a4 55. g7 Bf7 56. Nd3+ Kb3 57. Ne5 Bg8 58. Nd7 a3 59. Nf6
a2 60. Ke5 a1=Q+ 61. Kf5 Bf7 62. Kg5 Qg1+ 63. Ng4 Kc4 64. Kf6 Qxg4 65. Kxf7 b4
66. g8=Q Qxg8+ {Normal} 0-1

[Event "Rated Blitz tournament jan21bta"]
[Site "?"]
[Date "2021.01.02"]
[Round "?"]
[White "djano"]
[Black "Abik02"]
[Result "0-1"]
[WhiteElo "2516"]
[BlackElo "2636"]
[PlyCount "48"]
[EventDate "2021.??.??"]
[EventType "blitz"]

1. e4 e5 2. Nf3 d5 3. exd5 e4 4. Nd4 Qxd5 5. Nb3 Nf6 6. Nc3 Qe5 7. Qe2 Bd6 8.
Nb5 O-O 9. Nxd6 Qxd6 10. h3 Nc6 11. g3 Be6 12. Bg2 Bxb3 13. axb3 Nd4 14. Qd1
Qc6 15. c3 Nf3+ 16. Bxf3 exf3 17. O-O Rfe8 18. d4 Re2 19. Bg5 Ne4 20. Bf4 g5
21. Be3 Nxg3 22. Re1 Qe6 23. Kh2 Qxe3 24. Kxg3 Qxf2+ {Normal} 0-1

[Event "Rated Blitz game"]
[Site "?"]
[Date "2021.01.02"]
[Round "?"]
[White "TheButcherMio"]
[Black "ali-sh"]
[Result "0-1"]
[WhiteElo "2606"]
[BlackElo "2552"]
[PlyCount "110"]
[EventDate "2021.??.??"]
[EventType "blitz"]

1. e4 e5 2. Nf3 d5 3. Nxe5 Bd6 4. d4 dxe4 5. Bc4 Bxe5 6. Qh5 Qe7 7. Qxe5 Qxe5
8. dxe5 Nc6 9. Nc3 Nxe5 10. Bb3 Nf6 11. Bf4 Ng6 12. Bxc7 O-O 13. O-O-O Bg4 14.
Rd4 Rac8 15. Bg3 Rfe8 16. h3 Bf5 17. Re1 a6 18. a4 h5 19. Nd5 Nxd5 20. Bxd5
Red8 21. Red1 e3 22. c3 exf2 23. Bxf2 Rd7 24. Bf3 Rdc7 25. Rd8+ Rxd8 26. Rxd8+
Kh7 27. Bxh5 Nf4 28. Bf3 Nd3+ 29. Rxd3 Bxd3 30. Kd2 Bf5 31. b4 Bd7 32. a5 Bc6
33. Bxc6 Rxc6 34. Bd4 Rg6 35. g4 Rh6 36. c4 Rxh3 37. b5 axb5 38. cxb5 Ra3 39.
Bc3 Kg6 40. Kc2 Ra4 41. Kb3 Rxg4 42. a6 bxa6 43. bxa6 Rh4 44. a7 Rh8 45. Be5
Ra8 46. Bb8 Kf5 47. Kc4 Ke4 48. Kc5 f5 49. Kc6 g5 50. Kb7 Rxa7+ 51. Bxa7 g4 52.
Kc6 g3 53. Kd6 f4 54. Ke6 f3 55. Kf6 f2 {Normal} 0-1

[Event "Rated Blitz game"]
[Site "?"]
[Date "2021.01.02"]
[Round "?"]
[White "retrostail"]
[Black "batasjon"]
[Result "0-1"]
[WhiteElo "2400"]
[BlackElo "2294"]
[PlyCount "26"]
[EventDate "2021.??.??"]
[EventType "blitz"]

1. e4 e5 2. Nf3 d5 3. Nxe5 Bd6 4. d4 dxe4 5. Bc4 Bxe5 6. Qh5 Qe7 7. dxe5 Nc6 8.
Bf4 Be6 9. Bxe6 Qxe6 10. Nc3 O-O-O 11. O-O f5 12. exf6 Nxf6 13. Rfe1 Nxh5 {
Normal} 0-1

[Event "Rated Blitz tournament jan21bta"]
[Site "?"]
[Date "2021.01.02"]
[Round "?"]
[White "XenophiliusLovegood"]
[Black "KrAKeN_1"]
[Result "1-0"]
[WhiteElo "2498"]
[BlackElo "2461"]
[PlyCount "95"]
[EventDate "2021.??.??"]
[EventType "blitz"]

1. e4 e5 2. Nf3 d5 3. d4 dxe4 4. Nxe5 Bd6 5. Nc4 Nf6 6. Nxd6+ Qxd6 7. c4 O-O 8.
Nc3 Nc6 9. Be3 Ng4 10. Be2 Nxe3 11. fxe3 Bf5 12. Qd2 Bg6 13. O-O-O a6 14. Kb1
b6 15. h4 h6 16. g4 Nb4 17. a3 Nd3 18. Bxd3 exd3 19. Rdg1 c5 20. d5 Rae8 21. h5
Bh7 22. g5 Re5 23. gxh6 Qxh6 24. Rh3 Rg5 25. Rhg3 Rxg3 26. Rxg3 Qxh5 27. e4 f5
28. e5 f4 29. Rg1 f3 30. e6 f2 31. Rf1 Qe2 32. Qd1 d2+ 33. Ka2 Qe1 34. e7 Re8
35. d6 Bf5 36. Nb1 Bh3 37. Qh5 Bd7 38. Qd5+ Kh7 39. Rh1+ Kg6 40. Qh5+ Kf6 41.
Qh4+ g5 42. Qh6+ Kf5 43. Nc3 Qf1 44. Rxf1 d1=Q 45. Rxf2+ Kg4 46. Nxd1 Be6 47.
Qh2 Bxc4+ 48. b3 {Time forfeit} 1-0

[Event "Rated Blitz tournament jan21bta"]
[Site "?"]
[Date "2021.01.02"]
[Round "?"]
[White "likewater"]
[Black "Jomajo"]
[Result "1-0"]
[WhiteElo "2521"]
[BlackElo "2573"]
[PlyCount "75"]
[EventDate "2021.??.??"]
[EventType "blitz"]

1. e4 e5 2. Nf3 d5 3. exd5 e4 4. Qe2 Qe7 5. Nd4 Qe5 6. Nb5 a6 7. N5c3 Nf6 8. d3
Bb4 9. a3 Ba5 10. dxe4 O-O 11. b4 Bb6 12. Be3 Bxe3 13. Qxe3 c6 14. f4 Qe7 15.
Bd3 cxd5 16. e5 Nc6 17. O-O d4 18. Qf3 dxc3 19. exf6 Qxf6 20. Nxc3 Nd4 21. Qg3
Bf5 22. Nd5 Qd6 23. c4 b5 24. Kh1 bxc4 25. Bxc4 Rfc8 26. Rad1 Rxc4 27. Ne3 Be6
28. f5 Qxg3 29. hxg3 Nxf5 30. Nxf5 g6 31. Nd6 Rc3 32. Rf3 Rd8 33. Rxc3 Bg4 34.
Rd4 Be6 35. Rc6 Rd7 36. Rxa6 h5 37. b5 Kg7 38. b6 {Normal} 1-0

[Event "Rated Blitz tournament 6iAqNFZi"]
[Site "?"]
[Date "2021.01.02"]
[Round "?"]
[White "PW_KBPL"]
[Black "Jlgg50972"]
[Result "0-1"]
[WhiteElo "2383"]
[BlackElo "2418"]
[PlyCount "142"]
[EventDate "2021.??.??"]
[EventType "blitz"]

1. e4 e5 2. Nf3 d5 3. exd5 e4 4. Qe2 Be7 5. Qxe4 Nf6 6. Qe2 O-O 7. Nc3 Re8 8.
Qd1 Nxd5 9. Nxd5 Qxd5 10. Be2 c5 11. O-O Nc6 12. h3 Bf6 13. Bb5 Bd7 14. d3 a6
15. Bc4 Qf5 16. a4 Qg6 17. Kh1 Rad8 18. Be3 Ne5 19. Nxe5 Bxe5 20. Bxc5 Bc6 21.
Qg4 Qxg4 22. hxg4 Bxb2 23. Rab1 Bc3 24. Bb4 Bf6 25. Bb3 h5 26. gxh5 Re5 27. Bd2
Rxh5+ 28. Kg1 Rd4 29. f3 Rxa4 30. g4 Rxg4+ 31. Kf2 Rh2+ 32. Ke1 Rgg2 33. Be3
Re2+ 34. Kd1 Rxe3 35. Kc1 Bc3 36. Rb2 Bxb2+ 37. Kxb2 Rxd3 38. f4 Bd5 39. Kc1
Rdd2 40. Bxd5 Rxd5 41. Rf3 Rc5 42. c3 Ra5 43. Kb1 Rd5 44. Kc1 g5 45. Rg3 f6 46.
c4 Ra5 47. Kb1 Rf5 48. Rd3 Rxf4 49. Rd8+ Kg7 50. Rd7+ Kg6 51. Rd1 Rxc4 52. Re1
Rb4+ 53. Ka1 Ra4+ 54. Kb1 Raa2 55. Re8 Rhb2+ 56. Kc1 Rh2 57. Kb1 Rag2 58. Re1
Rb2+ 59. Ka1 Ra2+ 60. Kb1 Rhb2+ 61. Kc1 Ra1+ 62. Kxb2 Rxe1 63. Kb3 Re5 64. Kc2
g4 65. Kd3 g3 66. Kd4 g2 67. Kc3 g1=Q 68. Kd2 Qg3 69. Kd1 Rf5 70. Kd2 Rf2+ 71.
Ke1 Qg1# {Normal} 0-1

[Event "Rated Blitz game"]
[Site "?"]
[Date "2021.01.02"]
[Round "?"]
[White "DontGoToHeaven"]
[Black "drdumbo"]
[Result "1-0"]
[WhiteElo "2442"]
[BlackElo "2489"]
[PlyCount "67"]
[EventDate "2021.??.??"]
[EventType "blitz"]

1. e4 e5 2. Nf3 d5 3. exd5 Bd6 4. d4 e4 5. Nfd2 Nf6 6. Nc3 O-O 7. Be2 Re8 8. a3
Nbd7 9. O-O Nb6 10. f3 e3 11. Nde4 Nbxd5 12. Nxd5 Nxd5 13. c4 Nf6 14. Bxe3 Nxe4
15. fxe4 Rxe4 16. Qd2 Qh4 17. h3 Qg3 18. Rf3 Qh2+ 19. Kf2 Bd7 20. Bd3 Re6 21.
Bf4 Bxf4 22. Qxf4 Qxf4 23. Rxf4 Rae8 24. c5 Bc6 25. Bc4 R6e7 26. d5 Bd7 27. d6
Re4 28. Bxf7+ Kf8 29. Bxe8+ Rxf4+ 30. Ke3 Rc4 31. Bxd7 Rxc5 32. Rf1+ Kg8 33.
Be6+ Kh8 34. Rf8# {Normal} 1-0

[Event "Rated Blitz game"]
[Site "?"]
[Date "2021.01.02"]
[Round "?"]
[White "teddybear19"]
[Black "ali-sh"]
[Result "1-0"]
[WhiteElo "2471"]
[BlackElo "2563"]
[PlyCount "53"]
[EventDate "2021.??.??"]
[EventType "blitz"]

1. e4 e5 2. Nf3 d5 3. exd5 e4 4. Qe2 Nf6 5. Nc3 Be7 6. Nxe4 O-O 7. d3 Nxd5 8.
Qd1 Re8 9. Be2 f5 10. Ng3 Nc6 11. O-O Bf6 12. c3 Be6 13. d4 a6 14. c4 Nb6 15.
d5 Nxd5 16. cxd5 Bxd5 17. Nxf5 Qd7 18. Ne3 Ne7 19. Nxd5 Nxd5 20. Bc4 c6 21. Qb3
Kh8 22. Bxd5 cxd5 23. Bg5 Bxg5 24. Nxg5 d4 25. Nf7+ Kg8 26. Nd6+ Re6 27. Rfe1 {
Normal} 1-0

[Event "Rated Blitz game"]
[Site "?"]
[Date "2021.01.02"]
[Round "?"]
[White "cyryd"]
[Black "ShadowofEagle1"]
[Result "0-1"]
[WhiteElo "2550"]
[BlackElo "2521"]
[PlyCount "58"]
[EventDate "2021.??.??"]
[EventType "blitz"]

1. e4 e5 2. Nf3 d5 3. d3 Nc6 4. g3 dxe4 5. dxe4 Qxd1+ 6. Kxd1 Nf6 7. Nbd2 Bg4
8. Be2 Bc5 9. Ke1 Nb4 10. Bd1 Bxf3 11. Nxf3 Nxe4 12. Be3 Bxe3 13. fxe3 f6 14.
a3 Nd5 15. Nd2 Nxd2 16. Kxd2 Nb6 17. Bf3 O-O-O+ 18. Ke2 Rhe8 19. b3 Nd5 20. Kf2
Nc3 21. Bg4+ Kb8 22. Rac1 Rd2+ 23. Ke1 Red8 24. h4 e4 25. h5 c6 26. h6 g6 27.
Kf1 a5 28. a4 f5 29. Bh3 Ne2 {Normal} 0-1

[Event "Rated Blitz tournament jan21bta"]
[Site "?"]
[Date "2021.01.02"]
[Round "?"]
[White "Strelok2222"]
[Black "Abik02"]
[Result "0-1"]
[WhiteElo "2438"]
[BlackElo "2629"]
[PlyCount "120"]
[EventDate "2021.??.??"]
[EventType "blitz"]

1. e4 e5 2. Nf3 d5 3. d4 dxe4 4. Nxe5 Bd6 5. Nc4 Nf6 6. Nc3 O-O 7. h3 Nc6 8.
Be2 Be6 9. Nxd6 Qxd6 10. Bg5 Nxd4 11. Bxf6 gxf6 12. Nxe4 Qe5 13. c3 Qxe4 14.
Qxd4 Qxg2 15. O-O-O Qg5+ 16. f4 Qh6 17. Rhg1+ Kh8 18. Kb1 b6 19. Ka1 c5 20. Qf2
Rg8 21. Bg4 f5 22. Bf3 Qf6 23. Bxa8 Rxa8 24. Qg3 Re8 25. Qg5 Qxg5 26. Rxg5 h6
27. Rg3 Kh7 28. Re3 Kg6 29. Rg1+ Kf6 30. b3 Rd8 31. Rg2 Rd1+ 32. Kb2 Rh1 33.
Rd2 Rf1 34. a4 Rxf4 35. a5 bxa5 36. Rd6 a4 37. bxa4 Rxa4 38. Rc6 c4 39. Rf3 Ra5
40. Rf2 Kg5 41. Rc7 f4 42. Rb7 Kf5 43. Rb8 Ke4 44. Rd8 Ke3 45. Rdd2 Rd5 46.
Rde2+ Kd3 47. Re1 Rf5 48. Rf3+ Kd2 49. Rg1 Bd5 50. Rg2+ Ke1 51. Rgf2 Bxf3 52.
Rxf3 Ke2 53. Rxf4 Rxf4 54. Ka3 Kd3 55. Kb4 Rf3 56. h4 Rh3 57. Kc5 Rxh4 58. Kb4
Rh5 59. Ka4 Kxc3 60. Ka3 Ra5# {Normal} 0-1

[Event "Rated Blitz tournament jan21bta"]
[Site "?"]
[Date "2021.01.02"]
[Round "?"]
[White "DJaeggi"]
[Black "KrAKeN_1"]
[Result "0-1"]
[WhiteElo "2572"]
[BlackElo "2419"]
[PlyCount "40"]
[EventDate "2021.??.??"]
[EventType "blitz"]

1. e4 e5 2. Nf3 d5 3. exd5 e4 4. Qe2 Nf6 5. d3 Qxd5 6. Nbd2 Nc6 7. Nxe4 Be6 8.
Nxf6+ gxf6 9. Qe4 Qc5 10. d4 Qd6 11. c3 O-O-O 12. Bf4 Qd7 13. Bd3 Re8 14. O-O
Rg8 15. Bg3 f5 16. Qh4 Re7 17. Rae1 Re8 18. b3 Be7 19. c4 Bxh4 20. Bxh4 Nxd4 {
Normal} 0-1

[Event "Rated Blitz tournament jan21bta"]
[Site "?"]
[Date "2021.01.02"]
[Round "?"]
[White "Velociraptorblue"]
[Black "Abik02"]
[Result "1/2-1/2"]
[WhiteElo "2317"]
[BlackElo "2661"]
[PlyCount "112"]
[EventDate "2021.??.??"]
[EventType "blitz"]

1. e4 e5 2. Nf3 d5 3. Nxe5 Bd6 4. d4 dxe4 5. Nc4 Nf6 6. Nc3 O-O 7. Bg5 Nc6 8.
d5 Ne5 9. Nxd6 Qxd6 10. Be2 Bf5 11. Qd4 Rfe8 12. O-O-O h6 13. Bf4 Nd3+ 14. Rxd3
Qxf4+ 15. Qe3 Qe5 16. Rd2 Rad8 17. Rhd1 a6 18. h3 Bh7 19. g4 Rd6 20. Qc5 Rd7
21. Qd4 Qf4 22. Qe3 Qd6 23. Rg1 Red8 24. g5 hxg5 25. Qxg5 Bg6 26. h4 Nh7 27.
Qg4 Nf6 28. Qg5 Nh7 29. Qg4 Qe5 30. h5 Nf6 31. Qg5 Qxg5 32. Rxg5 Bh7 33. b4 c6
34. Bc4 cxd5 35. Nxd5 Nxd5 36. Rgxd5 Rxd5 37. Rxd5 Rxd5 38. Bxd5 b6 39. Kd2 Kf8
40. Ke3 f5 41. Bb7 a5 42. bxa5 bxa5 43. Kf4 Ke7 44. Bc8 Kf6 45. c4 Bg8 46. Bxf5
Bxc4 47. a3 Bf7 48. Bxe4 Bxh5 49. Bd5 g5+ 50. Ke3 Ke5 51. Bc4 Be8 52. Bb3 Bc6
53. Bc4 Bd7 54. Bb3 Bc6 55. Bc4 Bd7 56. Bb3 Bc6 {Normal} 1/2-1/2

[Event "Rated Blitz game"]
[Site "?"]
[Date "2021.01.01"]
[Round "?"]
[White "queen5layer"]
[Black "batasjon"]
[Result "0-1"]
[WhiteElo "2445"]
[BlackElo "2321"]
[PlyCount "48"]
[EventDate "2021.??.??"]
[EventType "blitz"]

1. e4 e5 2. Nf3 d5 3. d4 dxe4 4. Nxe5 Bd6 5. Qh5 Be6 6. Bg5 Be7 7. Bxe7 Nxe7 8.
c3 O-O 9. Nd2 f6 10. Bc4 Nd5 11. Ng4 f5 12. Ne3 c6 13. O-O-O Nd7 14. Bxd5 cxd5
15. f4 b5 16. Kb1 a5 17. g4 Nf6 18. Qh3 fxg4 19. Qg3 Nh5 20. Qg1 Rxf4 21. h3 g3
22. Ng2 Rf2 23. h4 Bg4 24. Rc1 Rxd2 {Normal} 0-1

[Event "Rated Blitz game"]
[Site "?"]
[Date "2021.01.01"]
[Round "?"]
[White "urbas"]
[Black "CovidBryant"]
[Result "1-0"]
[WhiteElo "2403"]
[BlackElo "2369"]
[PlyCount "133"]
[EventDate "2021.??.??"]
[EventType "blitz"]

1. e4 e5 2. Nf3 d5 3. exd5 e4 4. Qe2 Nf6 5. d3 Qxd5 6. Nc3 Bb4 7. Bd2 Bxc3 8.
Bxc3 O-O 9. dxe4 Nxe4 10. Rd1 Nxc3 11. Rxd5 Nxe2 12. Bxe2 Be6 13. Rd2 Nc6 14.
a3 Rfd8 15. O-O Rxd2 16. Nxd2 Rd8 17. Rd1 Nd4 18. Bd3 Bg4 19. f3 Bf5 20. Bxf5
Nxf5 21. Kf2 c5 22. g4 Nd4 23. Nb3 b6 24. Nxd4 cxd4 25. c3 d3 26. Ke3 f6 27.
Rxd3 Re8+ 28. Kd2 Re7 29. c4 Kf7 30. b4 Kg6 31. h4 h5 32. Kc3 hxg4 33. fxg4 Re4
34. c5 bxc5 35. bxc5 Re6 36. Rd6 Re3+ 37. Kb2 Re4 38. g5 Rxh4 39. gxf6 gxf6 40.
c6 Rc4 41. Kb3 Rc1 42. Kb4 Kg5 43. Kb5 f5 44. Ka6 f4 45. Kxa7 f3 46. Rd3 f2 47.
Rf3 f1=Q 48. Rxf1 Rxf1 49. c7 Ra1 50. c8=Q Rxa3+ 51. Kb6 Rb3+ 52. Ka5 Ra3+ 53.
Kb4 Rg3 54. Qd8+ Kg4 55. Qd5 Rf3 56. Kc4 Rf4+ 57. Kd3 Rf5 58. Qe4+ Rf4 59. Qe2+
Rf3+ 60. Ke4 Kg5 61. Qxf3 Kg6 62. Qf5+ Kg7 63. Ke5 Kh6 64. Qf6+ Kh5 65. Qg7 Kh4
66. Kf4 Kh3 67. Qg3# {Normal} 1-0

[Event "Rated Blitz game"]
[Site "?"]
[Date "2021.01.01"]
[Round "?"]
[White "LarsenMagnus"]
[Black "ali-sh"]
[Result "0-1"]
[WhiteElo "2511"]
[BlackElo "2527"]
[PlyCount "58"]
[EventDate "2021.??.??"]
[EventType "blitz"]

1. e4 e5 2. Nf3 d5 3. Nxe5 Bd6 4. d4 dxe4 5. Nc4 Nc6 6. Nc3 Bb4 7. Be3 Nf6 8.
Be2 Be6 9. O-O Qd7 10. Nd2 Nxd4 11. Ncxe4 Nxe2+ 12. Qxe2 Nxe4 13. Nxe4 O-O-O
14. Bxa7 Qc6 15. c3 Bc4 16. Qg4+ Be6 17. Qh4 g5 18. Nxg5 Be7 19. Be3 h6 20.
Nxe6 Bxh4 21. Nxd8 Bxd8 22. a4 Bg5 23. Bd4 Rg8 24. g3 h5 25. a5 h4 26. f3 hxg3
27. hxg3 Bf4 28. g4 f5 29. a6 bxa6 {Normal} 0-1

[Event "Rated Blitz tournament S0HiefDl"]
[Site "?"]
[Date "2021.01.01"]
[Round "?"]
[White "Jonathan-1988"]
[Black "Jlgg50972"]
[Result "1-0"]
[WhiteElo "2287"]
[BlackElo "2436"]
[PlyCount "145"]
[EventDate "2021.??.??"]
[EventType "blitz"]

1. e4 e5 2. Nf3 d5 3. Nxe5 Bd6 4. Ng4 dxe4 5. Ne3 Nf6 6. d3 exd3 7. Bxd3 Nc6 8.
O-O O-O 9. a3 Be6 10. Nc3 Qd7 11. Re1 h6 12. Nc4 Bxc4 13. Bxc4 Rad8 14. Be3 Ng4
15. h3 Nxe3 16. Rxe3 Ne5 17. Bb3 Qf5 18. Qe2 Ng6 19. Rf3 Nf4 20. Qb5 Qg6 21.
Rg3 Qf6 22. Qxb7 Nh5 23. Re3 Qf4 24. g3 Qf5 25. Kg2 Qg6 26. Nd5 Nf4+ 27. Nxf4
Bxf4 28. Rf3 Bd6 29. Qxa7 Rde8 30. Rd1 Re2 31. Qd4 Be5 32. Qc4 Bxb2 33. Qxe2
Bf6 34. Qd3 Qg5 35. Qf5 Qxf5 36. Rxf5 Ra8 37. Rxf6 gxf6 38. Rd7 c5 39. Rxf7 Kh8
40. Rxf6 Kg7 41. Rc6 Ra5 42. Rc7+ Kf6 43. a4 Ke5 44. f4+ Kd4 45. Rd7+ Kc3 46.
Rh7 c4 47. Rc7 Kb4 48. Rxc4+ Ka3 49. g4 Kb2 50. Kg3 Kc1 51. h4 Kd2 52. g5 hxg5
53. hxg5 Ke3 54. Kg4 Rd5 55. f5 Rd2 56. Rf4 Rg2+ 57. Kh3 Rg1 58. Rg4 Rh1+ 59.
Kg2 Rh8 60. Rg3+ Kf4 61. f6 Kf5 62. f7 Kg6 63. Kf3 Rf8 64. Ke4 Kg7 65. g6 Rb8
66. Kf5 Rc8 67. Rh3 Rc5+ 68. Ke6 Rc6+ 69. Kd7 Rxg6 70. Rf3 Kh7 71. f8=Q Rd6+
72. Kxd6 Kg6 73. Qf6+ {Normal} 1-0